| 000 | 00577nam a2200181 a 4500 | ||
|---|---|---|---|
| 001 | 000011804 | ||
| 005 | 20200929162555.0 | ||
| 008 | 091027s1983 kn 000 0 spa d | ||
| 040 |
_aDO-SdBNP _bspa _cBNPHU |
||
| 082 |
_a923.315193 _bK49C |
||
| 100 | 1 |
_aChe, In Su, _927948 |
|
| 245 | 1 | 0 |
_aKim zong il : _bdirigente del pueblo, 1 / _cChe In Su. |
| 260 |
_aPyongyang, (Corea) : _bEdiciones en Lenguas Extranjeras, _c1983. |
||
| 300 |
_a349 p. : _bil. ; _c1983. |
||
| 650 | 4 |
_aKim zong il, _d1942- _927949 |
|
| 650 | 4 |
_aPartido del trabajo de corea _xHistoria _927950 |
|
| 049 | _aBNGR | ||
| 999 |
_c11478 _d11478 |
||